00729nam a2200193 i 450000100060000000300090000600500170001500700030003200800410003510000300007624501120010626000490021830000220026749000560028950500730034565000300041883000560044885200310050479741ES-MaACL20250729085446.0t|041022s1966 sp ||||1| spa d1 aHervada, Javier (d1934-)13aEl ordenamiento canónico. nI, pAspectos centrales de la construcción del concepto / cJavier Hervada. aPamplona : bUniversidad de Navarra, c1966. a292 p. ; c23 cm.1 aColección Canónica de la Universidad de Navarra8 aContiene: V. I: Aspectos centrales de la construcción del concepto07aDerecho canónico2embne0 aColección Canónica de la Universidad de Navarra aES-MaACLjP-1156 bR.61918